Fiorenza

Uloženo v:
Podrobná bibliografie
Hlavní autor: Mann, Thomas (autor)
Médium: Kniha
Jazyk:španělština
Vydáno: Santiago Universitaria 1995
Vydání:2a. ed
Edice:Colección los contemporáneos
Témata:
Tagy: Přidat tag
Žádné tagy, Buďte první, kdo vytvoří štítek k tomuto záznamu!

MARC

LEADER 00000nam a2200000 a 4500
001 UCH6490
003 CL-VaPUC
008 091109e19950000CL |||||||||||||||||spa|d
020 |a 9561105909 
082 0 4 |a 832  |b MAN  |2 21 
100 |a Mann, Thomas  |e autor  |9 338731 
245 1 0 |a Fiorenza 
250 |a 2a. ed 
300 |a 128 p 
942 |c BK 
945 |d 20091109 00:00:00  |a ccalabra 
260 |a Santiago  |b Universitaria  |c 1995 
650 0 |a Literatura  |9 259151 
650 0 |a Literatura alemana   |9 265457 
650 0 |a Dramas alemanes   |9 266681 
650 7 |a ESCRITORES ALEMANES  |2 CL-VaPUC  |9 449823 
650 0 |a Lectura  |9 307634 
650 0 |a Narrativa  |9 336727 
651 0 |a Alemania  |9 255688 
583 |a last modification  |c 20091109 00:00:00  |k Rodrigo Vera 
490 0 |a Colección los contemporáneos 
999 |c 337369  |d 337367